MARC

LEADER 00000nam0a2200000 4500
001 160692
005 20231101222215.0
035 |a (RuTPU)RU\TPU\book\174275 
090 |a 160692 
100 |a 20090527d1959 k y0rusy50 ca 
101 0 |a rus 
102 |a RU 
105 |a y z 000zb 
200 1 |a Гельмгольц  |f П. П. Лазарев  |g Академия наук СССР (АН СССР) 
205 |a 2-е изд., испр. и доп. 
210 |a Москва  |c Изд-во Академии наук СССР  |d 1959 
215 |a 104 с. 
225 1 |a Научно-популярная серия 
600 1 |a Гельмгольц  |b Г. Л. Ф.  |c немецкий естествоиспытатель  |f 1821-1893  |g Герман Людвиг Фердинанд  |2 stltpush  |3 (RuTPU)RU\TPU\pers\6201  |9 1207 
610 1 |a биография 
610 1 |a научная деятельность 
610 1 |a анатомия 
610 1 |a физиология 
610 1 |a работы 
675 |a 5(092)  |v 3 
700 1 |a Лазарев  |b П. П.  |g Петр Петрович 
712 0 2 |a Академия наук СССР (АН СССР)  |2 stltpush  |3 (RuTPU)RU\TPU\col\722 
801 1 |a RU  |b 63413507  |c 20090527  |g PSBO 
801 2 |a RU  |b 63413507  |c 20131227  |g PSBO 
942 |c BK